Normal view
MARC view
Entry Personal Name
001 - CONTROL NUMBER
- control field: 30327
003 - CONTROL NUMBER IDENTIFIER
- control field: dpl
005 - DATE AND TIME OF LATEST TRANSACTION
- control field: 20110728143708.0
008 - FIXED-LENGTH DATA ELEMENTS
- fixed length control field: 110728|||a|||||| | ||| d
040 ## - CATALOGING SOURCE
- Original cataloging agency: dpl
- Transcribing agency: dpl
100 ## - HEADING--PERSONAL NAME
- Personal name: Khattar, Dinesh
670 ## - SOURCE DATA FOUND
- Source citation: Work cat.: (dpl): Khattar, Dinesh, The Pearson guide to mathematics for the IIT-JEE/, 2011
670 ## - SOURCE DATA FOUND
- Source citation: Work cat.: (dpl): Khattar, Dinesh, The Pearson guide to mathematics for the IIT-JEE/, 2011
